Theory and method in organization studies (Record no. 89033)
[ view plain ]
| 000 -LEADER | |
|---|---|
| fixed length control field | 01824nam a2200385 a 4500 |
| 082 04 - DEWEY DECIMAL CLASSIFICATION NUMBER | |
| Classification number | 302.3/5 |
| 100 1# - MAIN ENTRY--AUTHOR NAME | |
| Personal name | Strati, Antonio. |
| 245 10 - TITLE STATEMENT | |
| Title | Theory and method in organization studies |
| 250 ## - EDITION STATEMENT | |
| Edition statement | 1st UK ed. |
| 260 ## - PUBLICATION, DISTRIBUTION, ETC. (IMPRINT) | |
| Place of publication | London ; |
| -- | Thousand Oaks, Calif. : |
| Name of publisher | SAGE, |
| Year of publication | 2000. |
| 300 ## - PHYSICAL DESCRIPTION | |
| Number of Pages | xiv, 233 p. |
| 505 0# - FORMATTED CONTENTS NOTE | |
| Formatted contents note | Pt. I. Themes and problems. 1. Society in a network of organizations ; 2. Organizations as social contexts ; 3. Weaving the organization together ; 4. The ethos, logos and pathos of organizational life ; 5. Thematic continuities and new insights -- Pt. II. Research and methods. 6. The methods of empirical organizational research ; 7. The pervasiveness of measurement ; 8. Qualitative methods and the computer. |
| 650 #0 - SUBJECT ADDED ENTRY--TOPICAL TERM | |
| Topical Term | Organizational sociology. |
| 856 40 - ELECTRONIC LOCATION AND ACCESS | |
| Uniform Resource Identifier | http://site.ebrary.com/lib/rucke/Doc?id=10392772 |
No items available.
